00733cam a22002053a 450000100060000000300060000600500170001200800410002904000150007004200070008505000070009210000430009924502140014226000290035650600300038551600200041565300210043583000290045685600420048525944PGUSA20140828083546.0080701s2008||||xxu|||||s|||||000 | eng d aPGUSAbeng adc 4aRL1 aStelwagon, Henry Weightman,d1853-191910aEssentials of Diseases of the Skin :bIncluding the Syphilodermata Arranged in the Form of Questions and Answers Prepared Especially for Students of Medicineh[electronic resource] /cHenry Weightman Stelwagon bProject Gutenberg,c2008 aPublic domain in the USA. aElectronic text aSkin -- Diseases 0aProject Gutenbergv2594440uhttp://www.gutenberg.org/ebooks/25944